Child hypnosis /

Dr. Perry London discusses the benefits of child hypnosis and how it can help children with psychological as well as medical problems. Dr. London conducts a hypnosis session with Andrew, 10.

Bibliographic Details
Other Authors: Ratner, Harry (Director), Shostrom, Everett L., 1921-1992 (Producer)
Format: Video
Language:English
Language Notes:In English.
Published: Newport Beach, CA : Psychological and Educational Films, 1990.
Series:Academic Video Online
Subjects:
Online Access:Connect to this streaming video (Alexander Street Press)

MARC

Tag First Indicator Second Indicator Subfields
LEADER 00000cgm a2200000Mi 4500
001 in00005602621
006 m o c
007 cr |n||||||||a
007 vz |za|z|
008 210928s1990 cau056 e o vneng d
005 20241201234304.5
035 |a (OCoLC)on1274235610 
040 |a ALSTP  |b eng  |e rda  |c ALSTP  |d OCLCF  |d INT  |d OCLCO  |d CJT  |d OCLCL  |d NUI 
019 |a 1287596783  |a 1373415107  |a 1430843982  |a 1443982468 
024 8 |a ASP5126801/marc 
035 |a (OCoLC)1274235610  |z (OCoLC)1287596783  |z (OCoLC)1373415107  |z (OCoLC)1430843982  |z (OCoLC)1443982468 
049 |a TXAM 
245 0 0 |a Child hypnosis /  |c Psychological & Educational Films presents ; director, Harry Ratner ; video production, KOCE-TV. 
246 1 3 |a Child hypnosis with Dr. Perry London 
246 1 3 |a Child hypnosis :  |b with Dr. Perry London 
264 1 |a Newport Beach, CA :  |b Psychological and Educational Films,  |c 1990. 
300 |a 1 online resource (56 minutes) 
306 |a 005506 
336 |a two-dimensional moving image  |b tdi  |2 rdacontent 
337 |a computer  |b c  |2 rdamedia 
337 |a video  |b v  |2 rdamedia 
338 |a online resource  |b cr  |2 rdacarrier 
347 |a video file  |2 rda 
490 0 |a Academic Video Online 
500 |a Title from title screen (viewed September 28, 2021). 
508 |a Executive producer, Everett Shostrom. 
511 0 |a Featuring: Dr. Perry London. 
520 |a Dr. Perry London discusses the benefits of child hypnosis and how it can help children with psychological as well as medical problems. Dr. London conducts a hypnosis session with Andrew, 10. 
546 |a In English. 
650 0 |a Hypnotism  |x Therapeutic use. 
650 0 |a Hypnotic susceptibility. 
650 0 |a Psychological tests for children. 
650 6 |a Hypnothérapie. 
650 6 |a Hypnotisabilité. 
650 6 |a Enfants  |x Tests psychologiques. 
650 7 |a Hypnotic susceptibility.  |2 fast  |0 (OCoLC)fst00965921 
650 7 |a Hypnotism  |x Therapeutic use.  |2 fast  |0 (OCoLC)fst00965942 
650 7 |a Psychological tests for children.  |2 fast  |0 (OCoLC)fst01081400 
655 7 |a Educational films.  |2 fast  |0 (OCoLC)fst01726235 
655 7 |a Educational films.  |2 lcgft 
655 7 |a Films éducatifs.  |2 rvmgf 
700 1 |a Ratner, Harry,  |e director. 
700 1 |a Shostrom, Everett L.,  |d 1921-1992,  |e producer.  |1 https://id.oclc.org/worldcat/entity/E39PBJqfMVJWTT8j7Gpb4cYHG3 
700 1 |a London, Perry,  |e on-screen presenter. 
710 2 |a Psychological & Educational Films,  |e publisher,  |e presenter. 
710 2 |a KOCE-TV (Television station : Huntington Beach, Calif.),  |e production company. 
758 |i has work:  |a Child hypnosis (MovingImage)  |1 https://id.oclc.org/worldcat/entity/E39PCGHhfTqb8JxCVhtD3bfHyb  |4 https://id.oclc.org/worldcat/ontology/hasWork 
856 4 0 |u http://proxy.library.tamu.edu/login?url=https://www.aspresolver.com/aspresolver.asp?MARC;5126801  |z Connect to this streaming video (Alexander Street Press)  |t 0 
955 |a Alexander Street Press subscription streaming video 
994 |a 92  |b TXA 
999 f f |s f682c1a7-d0db-43dd-872b-eb6dee8e83c5  |i b305b4c6-679a-4f04-b0ac-2479d2b1f841  |t 0 
952 f f |a Texas A&M University  |b College Station  |c Electronic Resources  |d Available Online  |t 0  |h Library of Congress classification 
998 f f |t 0  |l Available Online